Statystyki dla Najpotężniejsze kraje w Europa Universalis IV

Kliknij tutaj aby rozwiązać quiz!

Ogólne statystyki

  • Ten quiz został rozwiązany 456 razy
  • Średni wynik to 10 z 15

Statystyki odpowiedzi

HintOdpowiedź% Poprawnych
EuropaPolska
97%
EuropaFrancja
93%
EuropaAnglia
80%
EuropaAustria
76%
EuropaDania
73%
EuropaLitwa
73%
EuropaKastylia
71%
EuropaMoskwa
70%
EuropaPortugalia
68%
AzjaMing
67%
EuropaWęgry
65%
EuropaImperium osmańskie
63%
EuropaAragon
57%
EuropaCzechy
46%
AzjaTimuryd
28%

Rozkład punktacji

Percentyl według liczby udzielonych odpowiedzi

Procent ludzi z każdym wynikiem

Twoja historia wyników

Nie rozwiązałeś tego quizu